[Event "Landsturneringen 2018"]
[Site "Sarpsborg, Østfold NOR"]
[Date "2018.07.07"]
[Round "1"]
[White "Bø, Martin"]
[Black "Furnes, Torstein"]
[Result "1/2-1/2"]
[WhiteElo "1661"]
[BlackElo "1769"]
[Annotator "Furnes, Torstein"]
[PlyCount "45"]
[EventDate "2018.07.07"]

1. d4 d5 2. c4 e6 3. Nf3 Nf6 4. g3 Be7 5. Bg2 O-O 6. O-O Nc6 7. Qc2 Re8 8. Rd1
Ne4 9. Ne5 Nb4 10. Qb3 a5 11. cxd5 exd5 12. Bxe4 a4 13. Qf3 dxe4 14. Qxf7+ Kh8
15. Nc3 Bf6 16. Bf4 Be6 17. Qh5 Bxe5 18. Bxe5 Qd7 19. Nxe4 Bg4 20. Qh4 Bxe2 21.
Rdc1 (21. Nf6 $3 gxf6 22. Qxf6+ Kg8 23. Qh8+ Kf7 24. Qxh7+ Ke6 25. Qh3+ Ke7 26.
Qh4+ Kf7 27. Re1 $18 {med vinnende angrep.}) 21... Nd5 22. Ng5 Qf5 23. Qe4
1/2-1/2

[Event "Landsturneringen 2018"]
[Site "Sarpsborg, Østfold NOR"]
[Date "2018.07.07"]
[Round "1"]
[White "Kielland-Lund, Jon"]
[Black "Sola, Roar"]
[Result "1/2-1/2"]
[WhiteElo "1685"]
[BlackElo "1599"]
[Annotator "Kielland-Lund,Jon"]
[PlyCount "47"]
[EventDate "2018.07.07"]

1. c4 Nf6 2. Nc3 g6 3. e4 d6 4. d4 Bg7 5. Nf3 O-O 6. Be2 e5 7. dxe5 dxe5 8.
Qxd8 Rxd8 9. Bg5 c6 10. Nxe5 Re8 11. f4 {eller 0-0-0} h6 12. Bxf6 Bxf6 13.
O-O-O Bxe5 14. fxe5 Nd7 15. Rd6 Nxe5 16. h3 Be6 17. b3 Rad8 18. Rhd1 Rxd6 19.
Rxd6 h5 20. Kd2 Kf8 21. Ke3 Ke7 22. Rd1 Rd8 23. Rxd8 Kxd8 24. Kd4 1/2-1/2

[Event "Landsturneringen 2018"]
[Site "Sarpsborg, Østfold NOR"]
[Date "2018.07.07"]
[Round "1"]
[White "Brenden, Torbjørn"]
[Black "Halse, Iver"]
[Result "0-1"]
[WhiteElo "1603"]
[BlackElo "1685"]
[Annotator "Brenden, Torbjørn"]
[PlyCount "76"]
[EventDate "2018.07.07"]

1. e4 d6 (1... c5) 2. d4 Nf6 3. Bd3 g6 4. Bg5 Bg7 5. Ne2 c5 6. dxc5 Qa5+ 7.
Nbc3 dxc5 8. Bd2 Qd8 9. Qc1 Nc6 10. Bh6 O-O 11. Bxg7 Kxg7 12. O-O Ne5 13. Rd1
Qc7 14. Ng3 Rd8 15. Be2 Be6 16. Qf4 a6 17. a4 Rd4 18. h3 Rad8 19. Qe3 Nc6 20.
Bf3 Rxd1+ (20... Rd2) 21. Rxd1 Nd4 22. Rc1 Qe5 23. Bd1 g5 24. Nh5+ Nxh5 25.
Bxh5 b5 26. axb5 axb5 27. b3 b4 (27... c4) 28. Na4 c4 29. bxc4 Bxc4 30. c3 Nb3
31. Re1 Rd3 32. Qb6 bxc3 33. Be2 Rd6 34. Qe3 Bxe2 35. Qxe2 Nd4 36. Qe3 Nc2 37.
Qe2 Nxe1 38. Qxe1 Rd2 0-1

[Event "Landsturneringen 2018"]
[Site "Sarpsborg, Østfold NOR"]
[Date "2018.07.07"]
[Round "1"]
[White "Hope, Lars"]
[Black "Lea, Per"]
[Result "0-1"]
[WhiteElo "1305"]
[BlackElo "1700"]
[Annotator "Lea,Per"]
[PlyCount "38"]
[EventDate "2018.07.07"]

1. d4 d5 2. c4 e5 {Objektivt sett litt tvilsomt, og neppe å anbefale mot sterk
motstand. Her tok jeg en råsjanse siden motstanderen var såpass lavt ratet.
Men jeg kan ikke skryte av å ha fått noen spesiell fordel i åpningen, selv om
hvit ga tilbake gambitbonden helt uten kamp.} 3. dxe5 d4 4. g3 ({Drømmen er å
så spille noe slikt som} 4. e3 Bb4+ 5. Bd2 dxe3 6. Bxb4 exf2+ 7. Ke2 fxg1=N+ 8.
Ke1 Qh4+ 9. Kd2 Nc6 10. Rxg1 Qd4+ {men det fungerer stort sett bare i lynsjakk}
) 4... Nc6 5. Bg2 Nxe5 6. Nf3 Nxf3+ 7. Bxf3 Nf6 8. O-O Be7 9. b3 O-O 10. Na3 c5
11. Nc2 Qb6 12. Ne1 $2 ({Bedre er f.eks.} 12. e3) 12... Bh3 13. Ng2 Rad8 14.
Re1 Rfe8 15. Nf4 Bf5 16. Nd3 {Nå har springeren brukt 7 trekk på å komme fra
b1 til d3 - det er ikke spesielt effektiv utnyttelse av tida.} Bf8 ({Andre -
kanskje vel så gode - alternativer var:} 16... Ne4) ({og} 16... h6 {Men jeg
syntes det var greit å ha en halvåpen tårnlinje. Dessuten var løpertrekket den
direkte årsaken til at hvit seinere bukket.}) 17. Bg5 Rd7 18. Bxf6 Qxf6 19.
Nxc5 $4 ({Hvit står helt greit etter} 19. Nf4 g6 20. Nd5) 19... Bxc5 {Hvit
"så" ikke løperen på f8 og ga opp med et smil. Og dermed en uventet sterk
start: jeg har tidligere pleid å åpne svakt og har på mine 10 første forsøk 
(1973-2015) vunnet 2, spilt 4 remiser og tapt 4 i 1. runde i landsturneringer.
(Egentlig trodde jeg det var min første seier noensinne, men etter et dypdykk
i arkivet, fant jeg ut at fullt så ille var det nok ikke.)} 0-1

[Event "Landsturneringen 2018"]
[Site "Sarpsborg, Østfold NOR"]
[Date "2018.07.07"]
[Round "1"]
[White "Olsen, Trygve"]
[Black "Ovesen, Karsten"]
[Result "1-0"]
[WhiteElo "1547"]
[BlackElo "1780"]
[PlyCount "97"]
[EventDate "2018.07.07"]

1. f4 d5 2. d4 Bf5 3. Nf3 Nf6 4. c3 e6 5. b4 a6 6. e3 Nbd7 7. Be2 Ne4 8. O-O
Bd6 9. Bb2 O-O 10. Nbd2 Ndf6 11. Ne5 Nxd2 12. Qxd2 Ne4 13. Qd1 h6 14. a3 Bxe5
15. dxe5 b5 16. g4 Bh7 17. f5 Qg5 18. Kh1 Qxe3 19. Qe1 Rac8 20. Rf3 Qd2 21.
Qxd2 Nxd2 22. Rf2 Ne4 23. Rf4 c5 24. f6 gxf6 25. exf6 Ng5 26. Kg2 e5 27. Rff1
Be4+ 28. Kg3 c4 29. h4 Ne6 30. Bc1 Kh7 31. Rf2 Rg8 32. Rh2 Rg6 33. g5 d4 34.
Bh5 hxg5 35. Bxg6+ Kxg6 36. cxd4 exd4 37. hxg5 Nxg5 38. Kf4 Kxf6 39. Rh6+ Ke7
40. Kxg5 Rg8+ 41. Kf4 Bg6 42. Ke5 d3 43. Bg5+ Kd7 44. Kd4 Re8 45. Kc3 Re2 46.
Bd2 Rg2 47. a4 f5 48. axb5 axb5 49. Ra6 1-0

[Event "Landsturneringen 2018"]
[Site "Sarpsborg, Østfold NOR"]
[Date "2018.07.08"]
[Round "2"]
[White "Heitun, Odd Gunnar"]
[Black "Brenden, Torbjørn"]
[Result "0-1"]
[WhiteElo "1663"]
[BlackElo "1603"]
[Annotator "Brenden, Torbjørn"]
[PlyCount "66"]
[EventDate "2018.07.07"]

1. e4 c5 2. Nc3 d6 3. f4 e6 4. Nf3 Nc6 $14 {Siciliansk. Hvit står klart best.
f4-bonden gir sterk sentrumskontroll og gode utviklingsmuligheter for
offiserene.} 5. d3 $2 {Bedre her er d4 for å åpne linjer og gi hvit et sterk
press mot dronningfløyen.} a6 {Forbereder Dc7} 6. g3 b5 7. Bg2 Bb7 {Forsvarer
hvitdiagonalen} 8. O-O Qc7 9. Be3 O-O-O {Motsatt rokade åpner for aggresivt
spill. Problemet her er at hvit har et forsprang i utvikling - løperne peker
mot svarts kongestilling. Begge springerne er utviklet og bondestrukteren gir
hvit kontroll over sentrum. En god plan her vil være å dytte frem a- og
b-bonden og svekke svart sin kongestilling ytterligere.} 10. Qe2 Nf6 11. Bh3 $2
{Uklart hva hensikten er med trekket. Svekker hvits fordel.} Kb8 {Fjerner
kongen fra trusselen fra hvitløperen.} 12. e5 $2 $11 {Tanken er å åpne opp
f-linjen, slik at tårnet angriper f7. Ulempen er at svarts brikker kommer i
spill og stillingen står til remis.} dxe5 13. fxe5 Nd5 ({Bonden kan ikke røres
pga. denne fellen} 13... Nxe5 14. Nxe5 Qxe5 15. Bf4 {Og svart mister dronningen
}) ({Best va Nd7 med jevnt spill} 13... Nd7 14. a4 b4 15. Ne4 Ndxe5 16. Nxe5
Nxe5 17. Bf4 f6 18. Bxe6 $11) 14. Nxd5 Rxd5 (14... exd5 {Svakere var . ..} 15.
a4 b4 16. c3 $14) 15. c4 Rd7 {Dekker den svake f-bonden} 16. cxb5 axb5 17. Rfc1
{Truer Lxc5. Dronningen må bort fra c-linjen} Qb6 (17... Nd4 18. Bxd4 cxd4 19.
Rxc7 $18) 18. a3 {Forbereder b4} Nd4 19. Bxd4 $2 {Burde slå med springeren da
løperparet ofte er sterkere i et sluttspill med åpent spill.} cxd4 20. Bg2 {
Løperen står bedre på g2, men hvit gir svart tilbake tempo, slik at han får
aktivert tårnene. Bedre var Rc2} Be7 21. Rc2 Rc8 22. Rxc8+ Kxc8 23. Nd2 $4 {
Tapstrekket. Gir Svart mulighet til å utvikle svartløperen og manøvrere til e3.
Hvit kunne f.eks ha spilt h4 for å fjerne Lg5} Bg5 24. Bxb7+ Kxb7 25. Ne4 Be3+
{Hvits problem er at Løperen både dekker c1, slik at svart kan ta kontroll
over c-linjen, samtidig som bonden på e5 nå er udekket.} 26. Kg2 Qc6 {Tar
kontroll over c-linjen og legger binding på e4.} 27. Kf1 Kb6 {Fjerner
muligheten til å sjakke med springeren.} 28. Kg2 $4 {Her begynte hvit å få
dårlig tid. Mangler plan for forsvar. Brukte over 15 minutt på dette trekket
og hadde nå under 20 minutt igjen på klokka.} Qd5 29. h3 Qxe5 {Det er bare å
forsyne seg.} 30. Kh2 f5 31. Nf2 f4 $2 {Her burde jeg brukt bedre tid, da det
viser seg at Hvit har et forsvar. Best var h5 ettersom dronningen er bundet
til å forsvare springeren på f2} (31... h5 32. Qxh5 (32. Kg2 g5 33. Qxh5 Bxf2
34. Kxf2 Qe3+ 35. Kg2 Rc7 36. Qd1 f4 37. gxf4 gxf4 38. Qg4 f3+ 39. Qxf3 Rc2+
40. Kg3 Qg5+ 41. Qg4 Qe5+ 42. Kf3 Qe3#) 32... Bxf2) 32. Qf3 ({Eneste forsvar
her var Ne4} 32. Ne4 fxg3+ 33. Kg2 Rf7 34. Rf1 Rxf1 35. Qxf1 {..og det er
uklart hvordan svart kan fortsette} Bf4 36. h4 h6 37. h5 Qc7 38. Qd1) 32...
fxg3+ 33. Qxg3 Bf4 {Oppgitt} 0-1

[Event "Landsturneringen 2018"]
[Site "Sarpsborg, Østfold NOR"]
[Date "2018.07.08"]
[Round "2"]
[White "Furnes, Torstein"]
[Black "Skaslien, Tor"]
[Result "1/2-1/2"]
[WhiteElo "1769"]
[BlackElo "1648"]
[Annotator "Furnes, Torstein"]
[PlyCount "96"]
[EventDate "2018.07.07"]

1. d4 d6 2. e4 Nf6 3. Nc3 Nbd7 4. Nf3 e5 5. Bc4 Be7 6. O-O O-O 7. Re1 c6 8. Qd3
$6 Qc7 9. Bg5 exd4 10. Qxd4 Ne5 11. Be2 Be6 12. Rad1 Rfd8 13. Bf4 Nh5 14. Bxe5
dxe5 15. Qxe5 Qxe5 16. Nxe5 Nf4 17. Bc4 Bxc4 18. Nxc4 Bb4 19. Kf1 Ne6 20. Rd3
Rxd3 21. cxd3 Rd8 22. Rd1 Kf8 23. a3 Be7 24. g3 Nd4 25. Ne2 Nxe2 26. Kxe2 Bc5
27. Na5 Rd7 28. Nb3 Bb6 29. d4 Re7 30. Ke3 f5 31. f3 Kf7 32. Kf4 fxe4 33. fxe4
Rd7 34. g4 h6 35. h4 Ke6 36. h5 Rf7+ 37. Ke3 Bd8 38. Nc5+ Kd6 39. e5+ $4 $10 {
Tabbe i tidsnød.} Kd5 40. Ne4 Bg5+ 41. Nxg5 hxg5 42. Rc1 b6 43. Rc2 (43. e6 $1
$16) 43... Rf4 44. Rd2 Rxg4 45. Kf3 Rh4 46. Kg3 Rxh5 47. Kg4 Rh6 48. Kxg5 Re6
1/2-1/2

[Event "Landsturneringen 2018"]
[Site "Sarpsborg, Østfold NOR"]
[Date "2018.07.08"]
[Round "2"]
[White "Lea, Per"]
[Black "Synnestvedt, Jan"]
[Result "1/2-1/2"]
[WhiteElo "1700"]
[BlackElo "1825"]
[Annotator "Lea,Per"]
[PlyCount "70"]
[EventDate "2018.07.07"]

{En motstander jeg har møtt 2 ganger tidligere - med 46 års mellomrom! Første
gang var i Oslomesterskapet for lag fra høyere skoler 1969, hvor jeg tapte så
det sang, og i NM, klasse Senior A i 2014. Der klarte jeg å svindle meg til en
remis etter et seigt og langt sluttspill, hvor motstanderen overså en
offisersgevinst.} 1. e4 e6 2. d4 d5 3. Nc3 Nf6 4. Bg5 dxe4 5. Nxe4 Be7 6. Nxf6+
Bxf6 7. Bxf6 Qxf6 8. Nf3 O-O 9. Bd3 c5 10. c3 cxd4 11. Nxd4 Bd7 12. Qc2 h6 13.
O-O-O Nc6 14. Be4 Nxd4 15. Rxd4 Bc6 16. Bxc6 bxc6 17. Rhd1 Qg5+ 18. f4 Qc5 19.
Qe4 Qb6 20. Rb4 Qc7 21. Rc4 Rac8 22. Rc5 Qb6 23. Qc4 Rfd8 24. Rxd8+ Rxd8 25.
Kc2 Rd5 26. Rxd5 cxd5 27. Qd4 Qxd4 28. cxd4 Kf8 29. b4 Ke7 30. a4 Kd6 31. Kb3
a6 32. Kc3 Kc6 33. Kd3 f6 34. g3 g6 35. Ke3 Kd6 1/2-1/2

[Event "Landsturneringen 2018"]
[Site "Sarpsborg, Østfold NOR"]
[Date "2018.07.09"]
[Round "3"]
[White "Yilmaz, Kazim"]
[Black "Furnes, Torstein"]
[Result "0-1"]
[WhiteElo "1669"]
[BlackElo "1769"]
[Annotator "Furnes, Torstein"]
[PlyCount "144"]
[EventDate "2018.07.07"]

1. e4 c5 2. Nc3 Nc6 3. Nf3 d6 4. Bc4 Nf6 5. d3 Bg4 6. Nd5 e6 7. Ne3 Bh5 8. c3
Be7 9. Bb5 O-O 10. Bxc6 bxc6 11. O-O d5 12. exd5 cxd5 13. d4 Qb6 14. dxc5 Bxc5
15. Qb3 Qd6 16. Nd4 Ne4 17. g4 Qf4 $6 {Dataprogrammene fastslår at dette ikke
var så godt som jeg trodde.} 18. gxh5 $6 ({Begge hadde oversett} 18. f3 $1 $14)
18... Bd6 19. Nf3 ({Fritz mener det er bedre å spille} 19. Kg2 Qxh2+ 20. Kf3
Qxh5+ 21. Kg2 Qh2+ 22. Kf3 f5 $19) 19... Qxf3 ({Bedre er} 19... Ng5 20. Rd1
Qxf3 21. Kf1 Ne4 22. Qc2 Qh1+ 23. Ke2 Qxh2 {og svart vinner.}) 20. Qd1 Qh3 21.
f4 Bc5 22. Qf3 Qh4 23. Kh1 f5 24. Ng2 $2 {Nå vinner svart kvalitet.} Nf2+ 25.
Rxf2 Qxf2 26. Qxf2 Bxf2 27. Be3 Bxe3 28. Nxe3 Rab8 29. b3 Rfc8 30. c4 dxc4 31.
Nxc4 Rd8 32. Re1 Rd4 33. Rxe6 Rxf4 34. h6 gxh6 35. Rxh6 Re8 36. Kg2 Re2+ 37.
Kg3 Rff2 38. h4 Rxa2 39. Rc6 h5 $1 {Hvit har nå hengende over seg trusselen
f4+ fulgt av Th2#} 40. Rc8+ Kg7 41. Rc7+ Kf6 42. Rc6+ Ke7 43. Rc7+ Ke6 44. Rc6+
Kd5 45. Rd6+ Ke4 46. Re6+ Kd4 47. Rd6+ Kc3 48. Rf6 Kxb3 49. Nd6 f4+ 50. Rxf4
Rxf4 51. Kxf4 Rg2 52. Kf3 Rg4 53. Nf5 a5 54. Ke3 a4 55. Nd4+ Rxd4 56. Kxd4 a3
57. Ke5 a2 58. Kf5 a1=Q 59. Kg5 Qh8 60. Kg6 Kc4 61. Kg5 Kd5 62. Kg6 Ke6 63. Kg5
Qh7 64. Kf4 Qf5+ 65. Ke3 Ke5 66. Ke2 Qh3 67. Kd2 Kd4 68. Ke2 Qe3+ 69. Kf1 Qd2
70. Kg1 Ke3 71. Kh1 Kf3 72. Kg1 Qg2# 0-1

[Event "Landsturneringen 2018"]
[Site "Sarpsborg, Østfold NOR"]
[Date "2018.07.09"]
[Round "3"]
[White "Kielland-Lund, Jon"]
[Black "Stai, Sondre"]
[Result "1/2-1/2"]
[WhiteElo "1685"]
[BlackElo "1646"]
[Annotator "Kielland-Lund,Jon"]
[PlyCount "32"]
[EventDate "2018.07.07"]

1. c4 f5 2. Nc3 Nf6 3. e4 fxe4 4. d3 exd3 5. Bxd3 g6 6. h4 d5 {Noe dristig. d6
er bedre} 7. cxd5 Bg7 8. h5 Nxh5 9. Rxh5 gxh5 10. Qxh5+ Kf8 11. Bh6 a6 12.
Bxg7+ {Hittil har hvit spilt eksemplarisk, men her var Se4 mye bedre.} (12. Ne4
Nc6 13. Qf3+ Kg8 14. Qg3 Qf8 15. dxc6) 12... Kxg7 13. Qg5+ Kf8 14. Qh6+ Kg8 15.
Qg5+ Kf8 16. Qh6+ Kg8 {Hvit fikk harehjerte.} 1/2-1/2

[Event "Landsturneringen 2018"]
[Site "Sarpsborg, Østfold NOR"]
[Date "2018.07.09"]
[Round "3"]
[White "Bø, Martin"]
[Black "Irandoust, Babak"]
[Result "1-0"]
[WhiteElo "1661"]
[BlackElo "1739"]
[PlyCount "125"]
[EventDate "2018.07.07"]

1. d4 c5 2. d5 e6 3. c4 b5 4. cxb5 Nf6 5. Nc3 Bb7 6. e4 a6 7. Nf3 axb5 8. Bxb5
Qa5 9. dxe6 fxe6 10. e5 Ne4 11. Be2 Nxc3 12. bxc3 Bxf3 13. Bxf3 Qxc3+ 14. Bd2
Qxe5+ 15. Be3 d5 16. O-O Bd6 17. g3 Qf6 18. Bg2 O-O 19. Bxd5 Ra3 20. Bb3 Rd8
21. Qc1 Rxb3 22. axb3 Qf3 23. Bxc5 Bxc5 24. Qxc5 Qxb3 25. Rab1 Qd5 26. Qc7 Na6
27. Qe7 Qd6 28. Rb7 Qxe7 29. Rxe7 Nc5 30. Ra1 Kf8 31. Raa7 g5 32. Rf7+ Kg8 33.
Rg7+ Kf8 34. Rxh7 Kg8 35. Rhg7+ Kf8 36. Rxg5 Rd1+ 37. Kg2 Nd3 38. Rgg7 Ne1+ 39.
Kh3 Rd8 40. Rab7 Nd3 41. Rgf7+ Kg8 42. Rg7+ Kh8 43. Rh7+ Kg8 44. Rbg7+ Kf8 45.
f4 Nf2+ 46. Kh4 Ne4 47. Rh8+ Kxg7 48. Rxd8 Nf6 49. g4 Kf7 50. Ra8 Ne4 51. Ra5
Kf6 52. Ra8 Nd2 53. g5+ Kg6 54. Kg4 Nc4 55. Ra1 Kf7 56. h4 Ne3+ 57. Kf3 Nf5 58.
h5 Kg7 59. Ra2 Kg8 60. Ra8+ Kf7 61. h6 Nh4+ 62. Kg4 Ng6 63. h7 1-0

[Event "Landsturneringen 2018"]
[Site "Sarpsborg, Østfold NOR"]
[Date "2018.07.09"]
[Round "3"]
[White "Tostrup, Trond"]
[Black "Lea, Per"]
[Result "1/2-1/2"]
[WhiteElo "1886"]
[BlackElo "1700"]
[Annotator "Lea,Per"]
[PlyCount "60"]
[EventDate "2018.07.07"]

{Hvit var en del av de lovende juniorene som samlet seg i Oslo Schakselskaps
ærverdige (og røykfulle!) lokaler på slutten av 1950-tallet/begynnelsen av
1960-tallet. Etter en tapt stikk-kamp om Norgesmesterskapet for juniorer i
1964. Etter hvert forsvant fra det organiserte sjakkliv for lederstillinger
innen bank og finans. Først i 2017 gjorde han comeback ved å vinne Senior B i
Landsturneringa i Stavanger med 8 poeng.} 1. Nf3 Nf6 2. g3 g6 3. Bg2 Bg7 4. O-O
O-O 5. d4 d5 {Det har lett for å bli slike symmetriske stillinger når jeg
møter 1.Sf3 eller 1.c4. Beklageligvis er det ikke alltid jeg blir stående så
godt etter 10-12 trekk.} 6. b3 e6 7. Bb2 Nbd7 8. Nbd2 b6 9. c4 ({Her kunne
hvit gått for symmetri med} 9. e3 Bb7 {men jeg mistenker at det er mer
fornuftig å gå for et lite initiativ}) 9... c6 ({Stockfish foretrekker} 9...
Bb7) 10. Qc2 Ba6 ({Igjen er} 10... Bb7 {bedre. Å tro at løperen kan få til noe
i diagonalen f1-a6 er å tro på julenissen}) 11. Rfe1 Rc8 12. c5 Ne4 ({Etter} 
12... bxc5 13. dxc5 {følte jeg at min c-bonde var svak og hvits en kile inn i
stillingen min, men her var jeg nok overforsiktig}) 13. b4 {Et intuitivt og
naturlig trekk - mens Stockfish er helt uenig} ({Jeg ville ikke hatt noe i mot
} 13. Nxe4 dxe4 14. Qxe4 Nxc5 15. Qf4 (15. dxc5 Bxb2 16. Rab1 Bg7 {ville vært
helt greit for svart}) 15... Nd7 16. Ne5 Nxe5 17. dxe5 c5) 13... f5 14. Ne5
Nxe5 15. dxe5 Qc7 16. f4 Rfd8 17. Nb3 {Jeg likte meg ikke her, hullene på d6
og f6 er ikke direkte vakre, men på den annen side er det ikke lett å se
hvordan hvit kan utnytte det. Det jeg fryktet mest akkurat her, var at hvit
skulle få farlig press mot c6 etter bondebytte på b6.} Bf8 18. a3 Bc4 19. cxb6
Qxb6+ 20. e3 ({Jeg regnet selvfølgelig ikke med} 20. Kh1 $4 Nf2+ 21. Kg1 Nh3+
22. Kh1 Qg1+ 23. Rxg1 Nf2# {men man kan jo håpe...}) 20... c5 {Nå fikk jeg i
det minste kvittet meg med svakheten på c6. Selv om Stockfish mener at jeg
egentlig ikke var i noen stor fare i løpet av partiet, mente jeg at jeg på
dette stadiet i partiet hadde gode remissjanser. Og mot en mye høyere ratet
motstander, er ikke det noen katastrofe.} 21. Bxe4 {Uten at jeg skjønner det
helt, så skal altså denne stillingen være klart bedre for meg.} Bxb3 22. Qxb3
dxe4 {Argumentet var å få en åpen tårnlinje, men det blir vanskelig å gjøre
noe særlig konstruktivt med den.} (22... fxe4 {hadde nok vært bedre}) 23. Rad1
cxb4 (23... Kf7 {for å frigjøre dronninga for forsvaret av e6-bonden var
kanskje bedre. Jeg hadde så smått håpet at jeg kunne vinne en bonde på grunn
av bindinga i b-linja, men det fungerte ikke.}) 24. Bd4 Qa6 {Der forsvinner i
realiteten alle antydninger til fordel for svart} ({Stockfish anbefaler} 24...
Rxd4 25. exd4 (25. Rxd4 Rc3 26. Qb2 Rxa3 {og to sammenhengende fribønder er
god kompensasjon for kvaliteten})) 25. axb4 Qc4 (25... Rb8 26. Ra1 Rxb4 27.
Qxb4 Bxb4 28. Rxa6 Bxe1 29. Rxe6 ({eller} 29. Rxa7 {ser remisaktig ut})) 26.
Qxc4 Rxc4 27. Bxa7 Rxd1 28. Rxd1 Bxb4 29. Bb6 Bc5 30. Bxc5 Rxc5 1/2-1/2

[Event "Landsturneringen 2018"]
[Site "Sarpsborg, Østfold NOR"]
[Date "2018.07.09"]
[Round "3"]
[White "Olsen, Trygve"]
[Black "Wibe, Per H."]
[Result "1-0"]
[WhiteElo "1547"]
[BlackElo "1747"]
[PlyCount "59"]
[EventDate "2018.07.07"]

1. e4 c5 2. Nf3 d6 3. Bc4 e6 4. c3 Nf6 5. d3 a6 6. a4 Nc6 7. Na3 Be7 8. O-O O-O
9. Bd2 Bd7 10. Ba2 Rb8 11. c4 e5 12. b3 Bg4 13. Bc3 Nd4 14. Kh1 Nd7 15. h3 Bh5
16. g4 Bg6 17. Nxd4 exd4 18. Bd2 Nf6 19. Qe2 Qd7 20. f4 h5 21. f5 hxg4 22. hxg4
Bh7 23. g5 Ne8 24. Qg2 g6 25. f6 Bd8 26. Qh2 Ng7 27. fxg7 Kxg7 28. Qh6+ Kg8 29.
Rf6 Kh8 30. Qxf8+ 1-0

[Event "Landsturneringen 2018"]
[Site "Sarpsborg, Østfold NOR"]
[Date "2018.07.10"]
[Round "4"]
[White "Furnes, Torstein"]
[Black "Stensen, Lars A"]
[Result "1-0"]
[WhiteElo "1769"]
[BlackElo "1676"]
[Annotator "Furnes, Torstein"]
[PlyCount "60"]
[EventDate "2018.07.07"]

1. d4 Nf6 2. c4 c6 3. Nc3 d5 4. cxd5 cxd5 5. Nf3 Nc6 6. Bf4 a6 7. e3 Bg4 8. Be2
e6 9. O-O Be7 10. Rc1 O-O 11. Na4 Ne4 12. Nd2 Bxe2 13. Qxe2 Qa5 14. Nxe4 dxe4
15. b3 Qf5 {Svart truer å slå på d4, og etter exd4 henger hvits løper på f4.}
16. Bg3 (16. Nb6 $1 {og svart blir kanskje nødt til å plassere tårnet på et
passivt felt:} Ra7 (16... Rae8 17. Nd7)) 16... Rad8 17. Nb6 Qb5 $6 $16 18. Qxb5
axb5 19. Bc7 f5 ({Svart må spille} 19... Ba3 20. Rcd1 Rde8 {og Fritz mener det
er nå er dårlig for hvit å gå etter f8-tårnet:} 21. Nd7 $2 Re7 22. Nxf8 Rxc7
23. Nxe6 fxe6) 20. Bxd8 Rxd8 {Den hvite springeren har for øyeblikket ingen
fluktfelter, men etter a4 løser det problemet seg.} 21. a4 b4 22. Rfd1 Rd5 $2
23. Nxd5 exd5 24. Rc2 ({Det enkleste er} 24. Rxc6 $1 bxc6 25. a5 Bd6 26. a6 Bb8
27. Rc1 Kf7 28. Rxc6 Ke7 29. Rc8 Ba7 30. Rc7+ Kd8 31. Rxa7) 24... Kf7 25. Ra1
Ke8 26. a5 ({Igjen er det enkleste} 26. Rxc6 $1 bxc6 27. a5 Bd6 28. a6 Bb8 29.
a7 Bxa7 30. Rxa7) 26... Kd7 27. a6 bxa6 28. Rxa6 Nd8 29. Ra7+ Ke8 30. Rcc7 Kf8
1-0

[Event "Landsturneringen 2018"]
[Site "Sarpsborg, Østfold NOR"]
[Date "2018.07.10"]
[Round "4"]
[White "Erikstad, Olav"]
[Black "Bø, Martin"]
[Result "1/2-1/2"]
[WhiteElo "1754"]
[BlackElo "1661"]
[PlyCount "106"]
[EventDate "2018.07.07"]

1. e4 c5 2. c4 g6 3. Nc3 Nc6 4. d3 Bg7 5. Be3 d6 6. g3 Nf6 7. Bg2 O-O 8. Nge2
Bd7 9. O-O Ng4 10. Bd2 Nge5 11. Bf4 Qc8 12. Nd5 Bh3 13. Bxe5 Bxe5 14. Rb1 Bxg2
15. Kxg2 e6 16. Ne3 Qd7 17. f4 Bg7 18. f5 exf5 19. exf5 Rfe8 20. Nd5 Ne7 21.
fxg6 hxg6 22. Nf6+ Bxf6 23. Rxf6 d5 24. Rf2 Nf5 25. Kg1 Ne3 26. Qc1 d4 27. Nf4
Re5 28. Nd5 Nxd5 29. cxd5 Qxd5 30. b3 Rae8 31. Qd2 Re3 32. Rbf1 R8e7 33. Qd1
Qe5 34. Qd2 Re2 35. Rxe2 Qxe2 36. Rd1 Qxd2 37. Rxd2 Re3 38. Kf2 Kg7 39. Kg2 f5
40. Kh3 f4 41. Kg2 f3+ 42. Kf2 Kf6 43. a3 Kg5 44. h3 Kf5 45. b4 Ke5 46. bxc5
Kd5 47. Rb2 Rxd3 48. Rxb7 Rxa3 49. Rc7 Ra5 50. Kxf3 Rxc5 51. Rxa7 Rc6 52. Ra5+
Kc4 53. Ke2 Rb6 1/2-1/2

[Event "Landsturneringen 2018"]
[Site "Sarpsborg, Østfold NOR"]
[Date "2018.07.10"]
[Round "4"]
[White "Dahl, Lasse"]
[Black "Kielland-Lund, Jon"]
[Result "0-1"]
[WhiteElo "1627"]
[BlackElo "1685"]
[Annotator "Kielland-Lund,Jon"]
[PlyCount "70"]
[EventDate "2018.07.07"]

1. d4 d5 2. Bf4 Bf5 3. Nf3 e6 4. e3 Nf6 5. h3 c5 6. g4 Be4 7. g5 Nfd7 8. Nc3
Bxf3 (8... cxd4 9. Nxd4 (9. exd4 Bb4)) 9. Qxf3 a6 10. Bg2 Be7 11. h4 cxd4 12.
exd4 Nc6 13. a3 Nxd4 14. Qd3 Nc6 15. O-O-O Nc5 16. Qg3 Qd7 $2 (16... O-O) 17.
Bh3 O-O-O 18. Nxd5 Qxd5 19. Rxd5 Rxd5 20. Bg2 Rd7 21. Bxc6 bxc6 22. Qc3 Kb7 23.
Qxg7 Rhd8 24. Qxh7 f6 25. Qg6 fxg5 26. Bxg5 Bxg5+ 27. hxg5 Rd6 {Vurderte å gi
opp} 28. Qg7+ Kb6 29. Qc3 Rd5 30. Qb4+ Ka7 31. Rh7+ Ka8 32. b3 Rb8 33. Qc3 Rxg5
34. b4 $4 Rg1+ 35. Kd2 Ne4+ {Dette lignet aller mest på en optisk illusjon} 0-1